00516 2200205 4500001002100000005001500021008004100036020002200077035001900099041000700118082001000125090001600135100001600151245004800167250001000215260003700225300002000262500001100282650001700293INLIS00000000000148220241224112346241224||||||||| | ||| |||| || |  a978-602-9431-37-7 0010-1224001482 aid0 a615.8 a615.8 ARY h0 aAry Panjalu00aHypnosexology Terapi Membahagiakan Pasangan aCet.1 aYogyakartabGalang Pustakac2014 a164 hlm.; 19 cm aCet. 1 0aIlmu Terapan